00229nam a2200085Ia 450000100070000000500170000700800410002424500530006526000250011870345820250826162352.0250824s9999 xx 000 0 und d 0aŞİİR DÜNYASINA YOLCULUKcADİL İZCİ bKÜLTÜR YAYINLARI